000 00553nam a2200217 a 4500
999 _c4777
_d4777
001 4777
003 BD-JhCC
005 20171209192730.0
008 171203s1974 bg a|||| ||a| 000 0 eng d
035 _a(BD-JhCC)4777
040 _aBD-JhCC
_dBD-JhCC
041 _aeng
082 _a954.9205
_bHAS 1974
100 _aHasanat, Abul
245 _aThe Ugliest Genocide in History /
_cAbul Hasanat
260 _aDhaka :
_bMuktadhara,
_c1974.
300 _a381 p. :
_c22 cm.
650 _aRevolution
_y1971
_zBangladesh
942 _2ddc
_cBK